Manual de pruebas de ejercicio y rehabilitación cardiaca y pulmonar (Registro nro. 47251)

Detalles MARC
000 -ENCABEZADO
Número de control [NR] 00814nam a2200217Ia 4500
008 - DE LONGITUD FIJA DE DATOS DE ELEMENTOS - INFORMACIÓN GENERAL
Elementos de longitud fija [NR] 130821s1996 ag a gr spa
020 ## - NUMERO INTERNACIONAL NORMALIZADO PARA LIBROS [R]
Número Internacional Normalizado del libro [NR] 9879500369
040 ## - FUENTE DE CATALOGACION [NR]
Agencia de catalogación original [NR] Co-BoUCM
Idioma de catalogación [NR] spa
041 00 - CODIGO DE IDIOMA [R]
Código de idioma para texto/pista de sonido o título separado [R] Español
060 ## - SIGNATURA TOPOGRAFICA DE LA BIBLIOTECA NACIONAL DE MEDICINA (NLM) [R]
Número clasificador [R] QT 260
-- 5
100 1# - ASIENTO PRINCIPAL--NOMBRE PERSONAL [NR]
Nombre personal [NR] Zavala, Donald C.
ID Autoridad 162109
245 10 - MENCION DE TITULO [NR]
Título [NR] Manual de pruebas de ejercicio y rehabilitación cardiaca y pulmonar
Mención de responsabilidad, etc. [NR] Donald C. Zavala y Juan Antonio Mazzei
260 ## - PUBLICACION, DISTRIBUCION, ETC. (PIE DE IMPRENTA) [R]
Lugar de publicación, distribución, etc. [R] Buenos Aires (Argentina)
Nombre del editor, distribuidor, etc. [R] Centro Editor de la Fundación Favaloro
Fecha de publicación, distribución, etc. [R] 1996
300 ## - DESCRIPCION FISICA [R]
Extensión [R] 325 páginas
Otros detalles físicos [NR] ilustraciones, cuadros, tablas
504 ## - NOTA DE BIBLIOGRAFIA, ETC. [R]
Nota de bibliografía, etc. [NR]
650 04 - ASIENTO SECUNDARIO DE MATERIA - TERMINO TEMATICO [R]
Término temático o nombre geográfico como elemento de entrada [NR] Ejercicio físico
9 (RLIN) 13936
650 04 - ASIENTO SECUNDARIO DE MATERIA - TERMINO TEMATICO [R]
Término temático o nombre geográfico como elemento de entrada [NR] Rehabilitación cardiopulmonar
9 (RLIN) 23384
650 04 - ASIENTO SECUNDARIO DE MATERIA - TERMINO TEMATICO [R]
Término temático o nombre geográfico como elemento de entrada [NR] Rehabilitación
9 (RLIN) 361
700 1# - ASIENTO SECUNDARIO - NOMBRE PERSONAL [R]
Nombre personal [NR] Mazzei, Juan Antonio
9 (RLIN) 162110
942 ## - ELEMENTOS DE ENTRADA AGREGADOS (KOHA)
Tipo de ítem principal el descrito en 300a Libro
Tema principal Ciencias de la salud
Edición 1
Parte restante de la signatura top. Z392m
Sistema de clasificación NLM
Clasificación QT 260
Título oculto en OPAC No
Existencias
Fecha de último préstamo Total préstamos Total Renewals Signatura topográfica Código de barras Última vez visto Ejemplar Price effective from Tipo de ítem Perdido Sistema de clasificación Dañado No prestable Tipo de ítem específico Suprimido Ubicación habitual Ubicación actual Localización Fecha de creación Forma de adquisición Costo
02/11/2022 39 21 QT 260 Z392m 200010906 11/12/2025 Ej.1 03/02/2013 Libro   NLM     Libro   Quinta de Mutis Quinta de Mutis 1er piso 28/02/2005 Compra 217375.00